000 00755nam a22002057a 4500
005 20100726160329.0
010 _aENG-96969
020 _a9788191025309
_c650.00
020 _a9788191025309
_c650.00
035 _aEN-80502
037 _bDBAD/PUB
082 _a303.40954
245 _aIndian Social Society /
_cEdited and Compiled by Ranjan Sethi
260 _aNew Delhi
_bEducational publishers
_c2010
270 _a291,Bank Enclave, Laxmi Nagar
_bNew Delhi
_e110092
300 2 _avii,286p.
_c22cm (Hb)
500 _aincludes bibliographical refrences
942 _2ddc
_cEN
_h303.40954
_mIND
999 _c37794
_d37794